000 00409nam a22001457a 4500
082 _aCP-75
100 _aShahaid Hussain, Xen
_951388
245 _aFluid Mechanics - 1
_bCourse Pack CE-251
_cShahaid Hussain, Xen
250 _aSpring Semester 2017
260 _aRisalpur,
_bMCE,
_c2017.
300 _aDifferent pages
526 _a0
_b0
_c0
_dCP_75
650 _aFluid Mechanics - 1
_951389
942 _2ddc
_cBKB
999 _c554089
_d554089